000
00289nam a22001337a 4500
008
170607b xxu||||| |||| 00| 0 eng d
020
_a
9780691144894
041
_a
eng
080
_a
358
100
_a
18
101
_a
SHP
245
_a
THE POLITICS HAPPINES
_c
BOK.D
942
_2
udc
_c
BK
999
_c
16340
_d
16340